Legal aspects of business / (Record no. 3988)

MARC details
000 -LEADER
fixed length control field 00577 a2200193 4500
010 ## - LCCN (DPL NO)
LC control number ENG-86022
020 ## - INTERNATIONAL STANDARD BOOK NUMBER
International Standard Book Number 0070656134
Terms of availability 295.00
035 ## - SYSTEM CONTROL NUMBER
System control number EN-69555
037 ## - SOURCE OF ACQUISITION
Source of stock number/acquisition D.B.Act / Pub
082 14 - DEWEY DECIMAL CLASSIFICATION NUMBER
Classification number 347.7
100 1# - MAIN ENTRY--PERSONAL NAME
Personal name Pathak, Akhileshwar
245 1# - TITLE STATEMENT
Title Legal aspects of business /
Statement of responsibility, etc by Akhileshwar Pathak
250 ## - EDITION STATEMENT
Edition statement 3rd ed.
260 ## - PUBLICATION, DISTRIBUTION, ETC. (IMPRINT)
Place of publication, distribution, etc New Delhi
Name of publisher, distributor, etc Tata Mc-Graw Hill Publishing
Date of publication, distribution, etc c2007
270 ## - ADDRESS
Address 7, West Patel Nagar
City New Delhi
Postal code 110 008
300 ## - PHYSICAL DESCRIPTION
Extent xxii, 573 p.
Dimensions 24 cm. (Pbk.)
500 ## - GENERAL NOTE
General note Includes glossary
942 ## - ADDED ENTRY ELEMENTS (KOHA)
Institution code [OBSOLETE] dpl
Item type English Books
Source of classification or shelving scheme Dewey Decimal Classification
Classification part 347.7
Call number suffix PAT
Holdings
Withdrawn status Lost status Not for loan Collection code Home library Current library Date acquired Source of acquisition Cost, normal purchase price Full call number Barcode Copy number Cost, replacement price Koha item type
    Not For Loan Non-fiction D.B.Act.Division D.B.Act.Division   DBAD/PUB 295.00 347.7 PAT EN-69555 1 295.00 English Books

© Delhi Public Library
Hit Counter
free hit counter